Les arts - Statistiques

Statistiques générales
  • Ce quiz a été pris 114 fois
  • Le résultat moyen est 6 sur 10
Statistiques - réponses
Réponse % Correct
Arts visuels
100%
Cinéma
96%
Sculpture
86%
Musique
84%
Arts de la scène
81%
Littérature
69%
Architecture
58%
Bande dessinée
32%
Jeux vidéo et multimédia
22%
Arts médiatiques
13%
Aucun quiz correspondant
Distribution des résultats
% des personnes avec chaque résultat
Percentile par nombre de réponses
Votre historique - résultats
Vous n’avez pas pris ce quiz